000 00205nam a2200097Ia 4500
008 240331s9999 xx 000 0 und d
082 _bMAC
100 _aMachtan,M
245 4 _aThe Hidden Hitler
942 _cL
999 _c5664
_d5664